Focus (Record no. 80242)

MARC details
000 -LEADER
fixed length control field 01121cab a22002295a 4500
001 - CONTROL NUMBER
control field L143594
008 - FIXED-LENGTH DATA ELEMENTS--GENERAL INFORMATION
fixed length control field 080520e20080517xxk f 000 0 eng d
035 ## - SYSTEM CONTROL NUMBER
System control number (Sirsi) u143594
041 0# - LANGUAGE CODE
Language code of text/sound track or separate title eng
100 1# - MAIN ENTRY--PERSONAL NAME
Personal name Clarkson, Melanie
245 00 - TITLE STATEMENT
Title Focus
Remainder of title Somerset, Devon and Cornwall
260 ## - PUBLICATION, DISTRIBUTION, ETC.
Date of publication, distribution, etc. 2008
490 ## - SERIES STATEMENT
Series statement Estates Gazette
Volume/sequential designation (0819) 17 May 2008, 115-133(12)
520 ## - SUMMARY, ETC.
Summary, etc. Discusses the need for a major occupier at a Taunton development scheme after the MoD withdrew from its prelet agreement. Discusses alterations to the regional spatial strategy in Exeter and whether this will result in more city centre sites becoming available. Considers the future of Plymouth's trio of ambitious office and multi-use developments, which are now in doubt as a result of the economic downturn. Considers the future for Cornwall following recent EU-funded regeneration once that funding ends.
590 ## - LOCAL NOTE (RLIN)
Local note KA
651 #4 - SUBJECT ADDED ENTRY--GEOGRAPHIC NAME
Geographic name South West (England)
Chronological subdivision 1994-
690 ## - LOCAL SUBJECT ADDED ENTRY--TOPICAL TERM (OCLC, RLIN)
Topical term or geographic name as entry element PROPERTY-COMMERCIAL PROPERTY-COMMERCIAL PROPERTY MARKET
700 1# - ADDED ENTRY--PERSONAL NAME
Personal name Clift, Patrick
700 1# - ADDED ENTRY--PERSONAL NAME
Personal name Meadwell, Stacey
700 1# - ADDED ENTRY--PERSONAL NAME
Personal name Neale, Jon
942 ## - ADDED ENTRY ELEMENTS (KOHA)
Suppress in OPAC 0
Holdings
Withdrawn status Lost status Source of classification or shelving scheme Damaged status Not for loan Home library Current library Shelving location Date acquired Total Checkouts Full call number Barcode Date last seen Copy number Price effective from Koha item type
    Dewey Decimal Classification     London London Journal article 20/05/2008   L143594 143594-1001 06/08/2019 1 06/08/2019 Journal article